[Event "RM-2014-0-00150"]
[Site "LSS email"]
[Date "2014.10.25"]
[Round "?"]
[White "Blauert, Joerg"]
[Black "Larwinski, Paul"]
[Result "1/2-1/2"]
[WhiteElo "2267"]
[BlackElo "2209"]
[PlyCount "105"]
[EventDate "2014.08.31"]
[EventType "tourn (corr)"]
[EventRounds "6"]
[EventCountry "GER"]
[SourceTitle "Corr 2015"]
[Source "ChessBase"]
[SourceDate "2015.07.17"]
[SourceVersion "1"]
[SourceVersionDate "2015.07.17"]
[SourceQuality "1"]

1. d4 d5 2. c4 e6 3. Nc3 Nf6 4. cxd5 exd5 5. Bg5 c6 6. e3 Bf5 7. Qf3 Bg6 8. Bxf6 Qxf6 9. Qxf6 gxf6 10. Nge2 Bd6 11. g3 Nd7 12. Nf4 0-0-0 13. h4 Kb8 14. h5 Bf5 15. Bd3 Bg4 16. h6 Nb6 17. Kd2 Be7 18. Nh5 Nc4+ 19. Kc2 Nd6 20. Ng7 Rdg8 21. Rh4 Bd7 22. Rah1 Ne8 23. Nf5 Bf8 24. Ne2 Kc7 25. g4 Nd6 26. Neg3 b6 27. Kd2 a5 28. Rc1 Nxf5 29. Nxf5 Rg6 30. Ke2 a4 31. a3 c5 32. dxc5 bxc5 33. Rd1 Rhg8 34. f3 c4 35. Bc2 Bxf5 36. Bxf5 Rxh6 37. Rxh6 Bxh6 38. Rxd5 Re8 39. Rc5+ Kd6 40. Rxc4 Rxe3+ 41. Kf2 Rb3 42. Bxh7 Rxb2+ 43. Kg3 Be3 44. Rxa4 Ra2 45. Ra6+ Ke7 46. a4 Ra1 47. Bd3 Rg1+ 48. Kh2 Rd1 49. Bf5 Rf1 50. Be4 Ra1 51. Bc6 Rb1 52. Bd5 Rd1 53. Be4 1/2-1/2

[Event "LSS ST-2010-0-00076"]
[Site "LSS email"]
[Date "2010.10.21"]
[Round "?"]
[White "Blauert, Joerg"]
[Black "Kireev, Sergey Ivanovich"]
[Result "1-0"]
[WhiteElo "2384"]
[BlackElo "2307"]
[PlyCount "57"]
[EventDate "2010.05.10"]
[EventType "tourn (corr)"]
[EventRounds "6"]
[EventCountry "GER"]
[SourceTitle "Telechess CBM 141"]
[Source "ChessBase"]
[SourceDate "2011.03.17"]
[SourceVersion "1"]
[SourceVersionDate "2011.03.17"]
[SourceQuality "1"]

1. d4 d5 2. c4 c6 3. Nc3 Nf6 4. Nf3 e6 5. Bg5 h6 6. Bh4 dxc4 7. e4 g5 8. Bg3 b5 9. Be2 Bb7 10. 0-0 Nbd7 11. Ne5 Bg7 12. Nxd7 Nxd7 13. Bd6 a6 14. a4 e5 15. Bg4 exd4 16. e5 c5 17. f4 dxc3 18. bxc3 Bf8 19. Qe2 Nb6 20. fxg5 Qxg5 21. Rf5 Qg7 22. Raf1 Bd5 23. axb5 Be6 24. Bh5 Bxf5 25. Rxf5 axb5 26. Rxf7 Qxf7 27. Bxf7+ Kxf7 28. e6+ Ke8 29. Bc7 1-0

[Event "LSS ST-2010-0-00076"]
[Site "LSS email"]
[Date "2010.10.21"]
[Round "?"]
[White "Francovig, Hector"]
[Black "Blauert, Joerg"]
[Result "1-0"]
[WhiteElo "2466"]
[BlackElo "2346"]
[PlyCount "23"]
[EventDate "2010.05.10"]
[EventType "tourn (corr)"]
[EventRounds "6"]
[EventCountry "GER"]
[SourceTitle "Corr 2015"]
[Source "ChessBase"]
[SourceDate "2015.07.17"]
[SourceVersion "1"]
[SourceVersionDate "2015.07.17"]
[SourceQuality "1"]

1. d4 g6 2. c4 Bg7 3. e4 d6 4. Nc3 e5 5. d5 a5 6. Bd3 Na6 7. Nf3 Nf6 8. h3 Nc5 9. 0-0 0-0 10. Bg5 h6 11. Be3 Nh5 12. Bc2 1-0

[Event "BL2-Nord 0708"]
[Site "Germany"]
[Date "2007.10.21"]
[Round "1.3"]
[White "Zierke, Oliver"]
[Black "Blauert, Joerg"]
[Result "0-1"]
[WhiteElo "2300"]
[BlackElo "2358"]
[PlyCount "60"]
[EventDate "2007.10.21"]
[EventType "team-tourn"]
[EventRounds "9"]
[EventCountry "GER"]
[SourceTitle "EXT 2009"]
[Source "ChessBase"]
[SourceDate "2008.11.26"]
[SourceVersion "1"]
[SourceVersionDate "2008.11.26"]
[SourceQuality "1"]
[WhiteTeam "Norderstedt "]
[BlackTeam "Luebeck"]
[WhiteTeamCountry "GER"]
[BlackTeamCountry "GER"]

1. d4 e6 2. Nf3 d5 3. c4 c5 4. e3 Nf6 5. Nc3 a6 6. cxd5 exd5 7. Be2 Nc6 8. 0-0 Bd6 9. b3 cxd4 10. Nxd4 Qc7 11. Nf3 Be6 12. Bb2 0-0 13. Rc1 Rfd8 14. g3 Qe7 15. Nd4 Nxd4 16. Qxd4 Bc5 17. Qh4 d4 18. Ne4 Nxe4 19. Qxe4 dxe3 20. Rxc5 exf2+ 21. Rxf2 Qxc5 22. Bd3 Qh5 23. Be2 Qd5 24. Qf4 Bh3 25. Rf3 Re8 26. Kf2 Rxe2+ 27. Kxe2 Re8+ 28. Re3 Rd8 29. Bd4 g5 30. Qf6 Qxd4 0-1

[Event "LSS WC-2006-F-00004"]
[Site "LSS email"]
[Date "2007.09.12"]
[Round "?"]
[White "Blauert, Joerg"]
[Black "Skeels, Jim"]
[Result "0-1"]
[WhiteElo "2346"]
[BlackElo "2178"]
[PlyCount "24"]
[EventDate "2007.09.12"]
[EventType "tourn (corr)"]
[EventRounds "14"]
[EventCountry "GER"]
[SourceTitle "Corr 2015"]
[Source "ChessBase"]
[SourceDate "2015.07.17"]
[SourceVersion "1"]
[SourceVersionDate "2015.07.17"]
[SourceQuality "1"]

1. e4 c5 2. Nf3 d6 3. d4 cxd4 4. Nxd4 Nf6 5. Nc3 a6 6. Bg5 e6 7. f4 Nbd7 8. Qf3 Qc7 9. g4 b5 10. Bxf6 Nxf6 11. g5 Nd7 12. 0-0-0 b4 0-1

[Event "LSS WC-2006-F-00004"]
[Site "LSS email"]
[Date "2007.09.12"]
[Round "?"]
[White "Hnatovsky, Nicholas"]
[Black "Blauert, Joerg"]
[Result "1-0"]
[WhiteElo "2260"]
[BlackElo "2346"]
[PlyCount "20"]
[EventDate "2007.09.12"]
[EventType "tourn (corr)"]
[EventRounds "14"]
[EventCountry "GER"]
[SourceTitle "Corr 2015"]
[Source "ChessBase"]
[SourceDate "2015.07.17"]
[SourceVersion "1"]
[SourceVersionDate "2015.07.17"]
[SourceQuality "1"]

1. e4 e6 2. d4 d5 3. e5 c5 4. c3 Nc6 5. Nf3 Bd7 6. Be2 f6 7. 0-0 fxe5 8. Nxe5 Nxe5 9. dxe5 Qc7 10. c4 d4 1-0

[Event "Oberliga Nord N 0607"]
[Site "Germany"]
[Date "2007.02.04"]
[Round "5.3"]
[White "Blauert, Joerg"]
[Black "Hamann, Carsten"]
[Result "1-0"]
[WhiteElo "2349"]
[BlackElo "2218"]
[PlyCount "55"]
[EventDate "2006.10.15"]
[EventType "team-tourn"]
[EventRounds "9"]
[EventCountry "GER"]
[SourceTitle "EXT 2019"]
[Source "ChessBase"]
[SourceDate "2018.10.10"]
[SourceVersion "1"]
[SourceVersionDate "2018.10.10"]
[SourceQuality "1"]
[WhiteTeam "Luebeck"]
[BlackTeam "Kiel Meerbauer"]
[WhiteTeamCountry "GER"]
[BlackTeamCountry "GER"]

1. e4 e6 2. d4 d5 3. exd5 exd5 4. Nf3 Bg4 5. h3 Bh5 6. Qe2+ Qe7 7. Qxe7+ Bxe7 8. Bb5+ c6 9. Be2 Bd6 10. 0-0 Ne7 11. Re1 f6 12. c4 dxc4 13. Bxc4 Bf7 14. Nbd2 Nd7 15. Ne4 Bc7 16. b3 Nb6 17. Ba3 Bxc4 18. bxc4 Ng6 19. c5 Nd5 20. Nxf6+ Kf7 21. Nxd5 cxd5 22. Rab1 Rab8 23. h4 h6 24. h5 Ne7 25. Ne5+ Bxe5 26. Rxe5 Rhd8 27. Rxe7+ Kxe7 28. c6+ 1-0

[Event "IECG CS.2006.0.00001 email"]
[Site "IECG email"]
[Date "2006.04.02"]
[Round "?"]
[White "Blauert, Joerg"]
[Black "Kireev, Sergey Ivanovich"]
[Result "1-0"]
[WhiteElo "2390"]
[BlackElo "2355"]
[PlyCount "105"]
[EventDate "2006.04.02"]
[EventType "tourn (corr)"]
[EventRounds "6"]
[SourceTitle "Corr 2008"]
[Source "ChessBase"]
[SourceDate "2008.06.24"]
[SourceVersion "1"]
[SourceVersionDate "2008.06.24"]
[SourceQuality "1"]

1. e4 e5 2. Nf3 Nc6 3. d4 exd4 4. Nxd4 Bc5 5. Be3 Qf6 6. c3 Nge7 7. g3 h5 8. f4 d6 9. Bg2 Bg4 10. Qd3 0-0-0 11. Nd2 Kb8 12. h3 Be6 13. N2f3 Qg6 14. Ng5 Ne5 15. Qc2 Bd7 16. Qe2 f6 17. f5 Nxf5 18. exf5 Bxf5 19. Nxf5 Qxf5 20. Ne4 Bxe3 21. Qxe3 d5 22. Nc5 Nc4 23. Qf2 Rhe8+ 24. Kf1 Ne3+ 25. Kg1 Qxf2+ 26. Kxf2 Nxg2 27. Kxg2 Re2+ 28. Kg1 Rxb2 29. Rh2 Rxh2 30. Kxh2 Re8 31. Nd3 Re2+ 32. Kg1 Rc2 33. Nf4 Rxc3 34. Nxh5 g6 35. Nxf6 Rxg3+ 36. Kh2 Rg5 37. Rg1 Rf5 38. Rxg6 b6 39. h4 d4 40. Kg3 Kb7 41. Ne4 Ra5 42. Rg5 Ra3+ 43. Kg4 Rxa2 44. h5 Rh2 45. Rf5 Rh1 46. Rf3 a5 47. Rh3 Rxh3 48. Kxh3 a4 49. Nd2 a3 50. Kg3 a2 51. Nb3 c5 52. h6 d3 53. Kf3 1-0

[Event "BL2-Nord 0506"]
[Site "Germany"]
[Date "2006.04.02"]
[Round "9.1"]
[White "Blauert, Joerg"]
[Black "Kopylov, Michael"]
[Result "1/2-1/2"]
[WhiteElo "2342"]
[BlackElo "2445"]
[PlyCount "46"]
[EventDate "2005.10.23"]
[EventType "team-tourn"]
[EventRounds "9"]
[EventCountry "GER"]
[SourceTitle "EXT 2007"]
[Source "ChessBase"]
[SourceDate "2006.11.23"]
[SourceVersion "1"]
[SourceVersionDate "2006.11.23"]
[SourceQuality "1"]
[WhiteTeam "Luebeck"]
[BlackTeam "Norderstedt"]
[WhiteTeamCountry "GER"]
[BlackTeamCountry "GER"]

1. e4 Nf6 2. e5 Nd5 3. d4 d6 4. Nf3 g6 5. c4 Nb6 6. exd6 cxd6 7. h3 Bg7 8. Nc3 0-0 9. Be2 Nc6 10. 0-0 d5 11. c5 Nc4 12. b3 N4a5 13. Be3 b6 14. cxb6 axb6 15. Qd2 Ba6 16. Bxa6 Rxa6 17. Bh6 Nb7 18. Bxg7 Kxg7 19. Qe2 Ra5 20. Ne5 Qd6 21. Nxc6 Qxc6 22. Qxe7 Qxc3 23. Qxb7 Qxd4 1/2-1/2

[Event "BL2-Nord 0506"]
[Site "Germany"]
[Date "2006.03.12"]
[Round "8.4"]
[White "Blauert, Joerg"]
[Black "Fries Nielsen, Jens Ove"]
[Result "1/2-1/2"]
[WhiteElo "2342"]
[BlackElo "2381"]
[PlyCount "97"]
[EventDate "2005.10.23"]
[EventType "team-tourn"]
[EventRounds "9"]
[EventCountry "GER"]
[SourceTitle "EXT 2007"]
[Source "ChessBase"]
[SourceDate "2006.11.23"]
[SourceVersion "1"]
[SourceVersionDate "2006.11.23"]
[SourceQuality "1"]
[WhiteTeam "Luebeck"]
[BlackTeam "Preetz"]
[WhiteTeamCountry "GER"]
[BlackTeamCountry "GER"]

1. e4 g6 2. d4 Bg7 3. Nf3 d6 4. Be2 Nf6 5. Nc3 a6 6. 0-0 0-0 7. Re1 Nfd7 8. Bg5 h6 9. Be3 e6 10. Qd2 Kh7 11. a4 b6 12. Bc4 Nc6 13. d5 Na5 14. Bf1 e5 15. g4 Nf6 16. h3 c5 17. dxc6 Nxc6 18. Rad1 Ng8 19. Nd5 Rb8 20. Nb4 Nge7 21. Nxc6 Nxc6 22. Qxd6 Qe8 23. Bc4 Be6 24. Bxa6 f5 25. Bb5 Rc8 26. Nh2 fxe4 27. Bxb6 Rf6 28. Qc5 Bd7 29. Qe3 Nd4 30. Bxd7 Qxd7 31. Bxd4 exd4 32. Rxd4 Qb7 33. b3 Rxc2 34. Rxe4 Bf8 35. Re5 Bd6 36. Re7+ Bxe7 37. Qxe7+ Qxe7 38. Rxe7+ Kg8 39. g5 Rfxf2 40. Ng4 Rg2+ 41. Kf1 h5 42. Nf6+ Kf8 43. Rd7 Rcf2+ 44. Ke1 Re2+ 45. Kf1 Rgf2+ 46. Kg1 Rg2+ 47. Kf1 Rgf2+ 48. Kg1 Rg2+ 49. Kf1 1/2-1/2